|
|
|
|
| LEADER |
00000nab a2200000 a 4500 |
| 001 |
vtls000153439 |
| 003 |
SK-MaSNL |
| 005 |
20260304064752.0 |
| 008 |
250422c1983 xo 0 slo |
| 015 |
|
|
|a SNBRB19rr/mm-uuuuu
|
| 035 |
|
|
|a CL0163546
|
| 035 |
|
|
|a urn:nbn:sk:snk-abbcep
|
| 035 |
|
|
|a (urnnbn)urn:nbn:sk:snk:ar-000lwo
|
| 035 |
|
|
|a (uuid)0d59c900-d668-416e-9365-3cb17f3b949d
|
| 040 |
|
|
|a SNKBUCL
|b slo
|c SNKBUCL
|e AACR2
|
| 041 |
0 |
|
|a slo
|
| 044 |
|
|
|a xo
|c SK
|
| 080 |
|
|
|a 02(100)
|2 1981
|
| 080 |
|
|
|a 621.39
|2 1981
|
| 100 |
1 |
|
|a Gábor, František,
|d 1926-1985
|4 aut
|9 171876
|
| 245 |
1 |
0 |
|a Svetový rok komunikácií a aktuálne otázky súčasného knihovníctva
|c František Gábor
|
| 300 |
|
|
|b Lit. 34 zázn. v ruš., nem., angl.
|
| 650 |
0 |
7 |
|a knihovníctvo
|2 snkbucl
|9 1557
|
| 650 |
0 |
7 |
|a telekomunikácia
|2 snkbucl
|9 105923
|
| 655 |
|
7 |
|a články z novín a časopisov
|2 snkbucl
|9 267496
|
| 655 |
|
7 |
|a články z odboru knihovníctvo
|2 snkbucl
|9 166141
|
| 773 |
0 |
|
|t Čitateľ
|g Roč. 32, č. 7-8 (1983), s. 280-283
|
| 850 |
|
|
|a Slovenská národná knižnica
|
| 852 |
|
|
|a Slovenská národná knižnica
|
| 954 |
|
|
|a odborná, vedecká literatúra pôvodná (slovenská)
|2 lita
|
| 958 |
|
|
|a article15
|
| 958 |
|
|
|a NB
|
| 958 |
|
|
|a RK
|
| 958 |
|
|
|a KL
|
| 958 |
|
|
|a OND
|
| 958 |
|
|
|a EUIPO
|
| 992 |
|
|
|a RBX
|
| 999 |
|
|
|c 2747921
|d 2749851
|